000 00416nam a2200181Ia 4500
001 5000
005 20260306145836.0
008 260306t2011||||xx |||||||||||||| ||spa||
041 _aESP
082 _a332.6
_bM26
100 _aMarín, José M.
_eAUT
245 0 _aEconomía financiera
260 _c2011
300 _axxv, 984 páginas :
_c24 cm.
650 _aGEN
654 _aCAN
942 _cLIB
_dJUS
_fJUS
_2ddc
_n
999 _c5000
_d5000